Premier League 2022/23 Players by Name - K - Statistics

General Stats
  • This quiz has been taken 50 times
  • The average score is 17 of 26
Answer Stats
Club Nation Position Player % Correct
Tottenham Hotspur England FW Harry Kane
97%
Liverpool Guinea MF Naby Keita
94%
Chelsea France MF N'Golo Kante
91%
Liverpool Ireland GK Caoimhin Kelleher
88%
Liverpool France DF Ibrahima Konate
88%
Chelsea Spain GK Kepa
88%
Tottenham Hotspur Sweden FW Dejan Kulusevski
85%
Chelsea Croatia MF Mateo Kovacic
85%
Chelsea Senegal DF Kalidou Koulibaly
82%
Wolves England DF Max Kilman
76%
Aston Villa England DF Ezri Konsa
71%
Newcastle United Germany GK Loris Karius
68%
Leeds United Germany DF Robin Koch
68%
West Ham United Germany DF Thilo Kehrer
68%
Arsenal Poland DF Jakub Kiwior
65%
Everton England DF Michael Keane
62%
Nottingham Forest Senegal MF Cheikhou Kouyate
59%
Leeds United Denmark DF Rasmus Kristensen
56%
Aston Villa France MF Boubacar Kamara
53%
Newcastle United Sweden DF Emil Krafth
53%
Bournemouth England DF Lloyd Kelly
44%
Fulham DR Congo MF Neeskens Kebano
41%
Leicester City Denmark DF Victor Kristiansen
41%
Wolves Austria FW Sasa Kalajdzic
38%
Leeds United Norway GK Kristoffer Klaesson
32%
Fulham France DF Layvin Kurzawa
26%
No matching quizzes found
Score Distribution
Percent of People with Each Score
Percentile by Number Answered
Your Score History
You have not taken this quiz